00609nam a22001817a 450000500170000001000150001702000270003202000230005903500130008203700130009508200130010810000170012124501020013826000460024027000660028630000240035250000510037620150420101438.0 aENG-112394 a9780198099109c850.00  a19809910xc850.00  aEN-95926 bDBAD/PUB a958.1045 aRoy, Kaushik aWar and society in Afghanistan : bby Kaushik Roycfrom the Mughals to the Americans, 1500-2013 / aNew Delhi bOxford University Pressc2015 aYMCA Library Building, 1 Jai Singh Road, bNew Delhi e110001 axvi,312p.c23cm(Hb) aIncludes bibliographical references and index